Normal view
MARC view
- Turner Saad, Gabriela,
Entry Nombre Personal
001 - NUMERO DE CONTROL
- campo de control: 42278
003 - IDENTIFICADOR DE NUMERO DE CONTROL
- campo de control: MX-MxUPN
005 - FECHA Y HORA DE LA ÜLTIMA TRANSACCIÓN
- campo de control: 20250603093158.0
008 - DATOS DE LONGITUD FIJA
- campo de control de longitud fija: 250603n| accnnaabn | aaa |d
035 ## - NUMERO DE CONTROL
- Número de control: UPN11000014385
040 ## - FUENTE DE CATALOGACIÓN
- Lenguaje de catalogación: SPA
- Agencia de transcripción: UPN
053 ## - NÚMERO DE CLASIFICACIÓN LC
- Número de clasificación elemento-número único o número inicial de tramo: PQ7298.43 U76
100 1# - ENCABEZAMIENTO - NOMBRE PERSONAL
- Nombre personal: Turner Saad, Gabriela,
- Fechas asociadas con el nombre: 1962-
670 ## - FUENTE EN LA QUE SE LOCALIZARON DATOS
- Cita de la fuente: T
- Información localizada: Abre la puerta
680 ## - NOTA PUBLICA DE ACCESO PÚBLICO
- Frase explicativa de la referencia: Maestra en Filosofía e Historia de las ideas por la Universidad Autónoma de Zacatecas. Estudió Lenguas y Literaturas Hispánicas en la UNAM
902 ## - CATALOGADOR
- Catalogador: MCM/190219
